[Event "EU-ch U16 Girls"]
[Site "Bratislava"]
[Date "2019.08.08"]
[Round "7"]
[White "Davidson, Laura"]
[Black "Otahalova, Nela"]
[Result "1/2-1/2"]
[WhiteElo "1616"]
[BlackElo "1401"]
[PlyCount "29"]
[EventDate "2019.08.02"]
[EventType "swiss"]
[EventRounds "9"]
[EventCountry "SVK"]
[SourceTitle "CBM 191 Extra"]
[Source "ChessBase"]
[SourceDate "2019.09.30"]
[SourceVersion "1"]
[SourceVersionDate "2019.09.30"]
[SourceQuality "1"]

1. e4 e5 2. Nf3 Nf6 3. Nxe5 d6 4. Nf3 Nxe4 5. d4 d5 6. Bd3 Bd6 7. 0-0 0-0 8. c4 c6 9. cxd5 cxd5 10. Nc3 Nxc3 11. bxc3 Nd7 12. h3 h6 13. Re1 Qc7 14. Bd2 Nb6 15. Qc2 1/2-1/2

[Event "EU-ch U16 Girls"]
[Site "Bratislava"]
[Date "2019.08.05"]
[Round "4"]
[White "Otahalova, Nela"]
[Black "Walterova, Ema"]
[Result "0-1"]
[WhiteElo "1401"]
[BlackElo "1793"]
[PlyCount "56"]
[EventDate "2019.08.02"]
[EventType "swiss"]
[EventRounds "9"]
[EventCountry "SVK"]
[SourceTitle "CBM 191 Extra"]
[Source "ChessBase"]
[SourceDate "2019.09.30"]
[SourceVersion "1"]
[SourceVersionDate "2019.09.30"]
[SourceQuality "1"]

1. d4 d5 2. c4 e6 3. Nf3 Nf6 4. g3 Be7 5. Bg2 dxc4 6. Ne5 0-0 7. 0-0 Nbd7 8. Nxc4 Nb6 9. Nxb6 axb6 10. Nc3 c6 11. e4 b5 12. Be3 Bb4 13. h3 Qe7 14. Qb3 Rd8 15. a3 Ba5 16. Rfd1 Bb6 17. Rd3 Bd7 18. Rad1 Be8 19. d5 Bxe3 20. Rxe3 e5 21. Red3 h5 22. d6 Qe6 23. Qxe6 fxe6 24. h4 c5 25. Bh3 Kf7 26. Rf3 Ra6 27. Rfd3 b4 28. Nb5 Bxb5 0-1

[Event "EU-ch U16 Girls"]
[Site "Bratislava"]
[Date "2019.08.02"]
[Round "1"]
[White "Bardorz, Jana"]
[Black "Otahalova, Nela"]
[Result "1-0"]
[WhiteElo "1883"]
[BlackElo "1401"]
[PlyCount "67"]
[EventDate "2019.08.02"]
[EventType "swiss"]
[EventRounds "9"]
[EventCountry "SVK"]
[SourceTitle "CBM 191 Extra"]
[Source "ChessBase"]
[SourceDate "2019.09.30"]
[SourceVersion "1"]
[SourceVersionDate "2019.09.30"]
[SourceQuality "1"]

1. e4 e5 2. Nf3 Nf6 3. Nc3 Bb4 4. Bc4 0-0 5. 0-0 Bxc3 6. bxc3 Nxe4 7. Nxe5 d5 8. Bb3 Re8 9. d4 a5 10. Qf3 f6 11. Qxe4 Be6 12. Qd3 fxe5 13. a4 e4 14. Qg3 Nd7 15. f4 Nf6 16. f5 Bc8 17. c4 c6 18. Bg5 Ra6 19. c3 Kh8 20. Rab1 Rf8 21. Rb2 Re8 22. c5 Qe7 23. Bd1 Qf7 24. h4 h6 25. Be3 Ra8 26. Qf4 Kg8 27. g4 Nh7 28. g5 hxg5 29. hxg5 Qe7 30. f6 Qf7 31. Rg2 g6 32. Rh2 Bf5 33. Kf2 Rac8 34. Rfh1 1-0

[Event "CZE-ch U14 Girls"]
[Site "Kouty nad Desnou"]
[Date "2017.03.11"]
[Round "1"]
[White "Otrubova, Kristyna"]
[Black "Otahalova, Nela"]
[Result "1-0"]
[WhiteElo "1604"]
[BlackElo "1257"]
[PlyCount "55"]
[EventDate "2017.03.11"]
[EventType "swiss"]
[EventRounds "9"]
[EventCountry "CZE"]
[SourceTitle "CBM 177 Extra"]
[Source "ChessBase"]
[SourceDate "2017.04.27"]
[SourceVersion "1"]
[SourceVersionDate "2017.04.27"]
[SourceQuality "1"]

1. d4 d5 2. c4 e6 3. Nc3 Nf6 4. cxd5 exd5 5. Bg5 Be7 6. e3 0-0 7. Bd3 Nbd7 8. Nge2 c5 9. 0-0 h6 10. Bh4 b6 11. Rc1 Re8 12. Bb1 Ba6 13. Re1 Rc8 14. dxc5 Rxc5 15. b4 Rc4 16. Bxf6 Nxf6 17. a3 Bb7 18. Ba2 Rc7 19. Nf4 Rd7 20. Qb3 g5 21. Nd3 Qa8 22. Ne5 Rd6 23. Nb5 Rd7 24. Nxd7 Rd8 25. Nc7 Qc8 26. Nxf6+ Bxf6 27. Nxd5 Qg4 28. Nxf6+ 1-0